Hydric parameters and histological characteristics of Hevea brasiliensis(Muell. Arg)vitro plants during micropropagation (Record no. 60545)

MARC details
000 -LEADER
fixed length control field 00502nam a2200157Ia 4500
100 ## - MAIN ENTRY--AUTHOR NAME
Personal name Jourdan Christophe
245 #0 - TITLE STATEMENT
Title Hydric parameters and histological characteristics of Hevea brasiliensis(Muell. Arg)vitro plants during micropropagation
260 ## - PUBLICATION, DISTRIBUTION, ETC. (IMPRINT)
Name of publisher C R ACAD SCI SER III SCI VIE
Year of publication 1992
300 ## - PHYSICAL DESCRIPTION
Number of Pages 395-401
500 ## - GENERAL NOTE
General note Source Year: 1993
650 ## - SUBJECT ADDED ENTRY--TOPICAL TERM
Topical Term Hevea brasiliensis
650 ## - SUBJECT ADDED ENTRY--TOPICAL TERM
Topical Term Micropropagation
856 ## - ELECTRONIC LOCATION AND ACCESS
Uniform Resource Identifier BA
942 ## - ADDED ENTRY ELEMENTS (KOHA)
Koha item type Journals
Holdings
Withdrawn status Lost status Damaged status Not for loan Home library Current library Shelving location Date acquired Serial Enumeration / chronology Koha item type
      Journals RRII Library RRII Library Physiology 17/12/2021 Volume 315, Issue 10 Journals